| 000 | 00403cam a2200157ua 4500 | ||
|---|---|---|---|
| 041 |
_aeng _h |
||
| 082 |
_a005.1 _bLOW/DR |
||
| 100 | _aLowery, Joseph . | ||
| 245 |
_aDreamweaver CS3 bible / _cJoseph Lowery. _hTextual Documents |
||
| 260 |
_aNew York : _bWiley Interscience publications , _c2007. |
||
| 300 | _a1112 ; . | ||
| 504 | _a | ||
| 942 | _cBK | ||
| 999 |
_c13364 _d13364 |
||